New public sector marketing / David Chapman, Theo Cowdell. (Record no. 1727)
| 000 -LEADER | |
|---|---|
| fixed length control field | 00612nam a22001817a 4500 |
| 003 - CONTROL NUMBER IDENTIFIER | |
| control field | OSt |
| 005 - DATE AND TIME OF LATEST TRANSACTION | |
| control field | 20150504095629.0 |
| 008 - FIXED-LENGTH DATA ELEMENTS--GENERAL INFORMATION | |
| fixed length control field | 150504b xxu||||| |||| 00| 0 eng d |
| 020 ## - INTERNATIONAL STANDARD BOOK NUMBER | |
| International Standard Book Number | 9780273623472 |
| 050 ## - LIBRARY OF CONGRESS CALL NUMBER | |
| Classification number | JF1525.M37 C436 1998 |
| 100 ## - MAIN ENTRY--PERSONAL NAME | |
| Personal name | Chapman, David. |
| 245 ## - TITLE STATEMENT | |
| Title | New public sector marketing / David Chapman, Theo Cowdell. |
| Statement of responsibility, etc | David Chapman, Theo Cowdell. |
| 260 ## - PUBLICATION, DISTRIBUTION, ETC. (IMPRINT) | |
| Place of publication, distribution, etc | London ; Washington, DC : |
| Name of publisher, distributor, etc | Financial Times Pitman Pub., |
| Date of publication, distribution, etc | 1998. |
| 300 ## - PHYSICAL DESCRIPTION | |
| Extent | x, 390 p. |
| Other physical details | : ill. ; |
| Dimensions | 25 cm. |
| 504 ## - BIBLIOGRAPHY, ETC. NOTE | |
| Bibliography, etc | Includes bibliographical references and indexes. |
| 650 ## - SUBJECT ADDED ENTRY--TOPICAL TERM | |
| Source of heading or term | Government marketing. |
| 942 ## - ADDED ENTRY ELEMENTS (KOHA) | |
| Source of classification or shelving scheme | |
| Koha item type | Book |
| Withdrawn status | Lost status | Source of classification or shelving scheme | Damaged status | Not for loan | Home library | Current library | Shelving location | Date acquired | Total Checkouts | Full call number | Barcode | Date last seen | Date checked out | Copy number | Price effective from | Koha item type |
|---|---|---|---|---|---|---|---|---|---|---|---|---|---|---|---|---|
| Riara University Library | Riara University Library | General stack | 04/05/2015 | 3 | JF1525.M37 C436 1998 | 5795/15 | 15/12/2016 | 28/11/2016 | C.1 | 04/05/2015 | Book |
